Serie A Teams 2017-2018 ( football ) - Statistics

General Stats
  • This quiz has been taken 47 times
  • The average score is 15 of 20
Answer Stats
Answer % Correct
Juventus
100%
Internazionale
98%
Milan
95%
Roma
93%
Napoli
91%
Lazio
88%
Fiorentina
84%
Atalanta
81%
Sampdoria
81%
Torino
79%
Cagliari
77%
Genoa
77%
Udinese
74%
Bologna
70%
Hellas Verona
67%
Sassuolo
65%
SPAL
65%
Chievo Verona
63%
Benevento
56%
Crotone
44%
No matching quizzes found
Score Distribution
Percent of People with Each Score
Percentile by Number Answered
Your Score History
You have not taken this quiz